Normal view MARC view
  • Fierro Gossman, Julieta

Entry Nombre Personal

Number of records used in: 17

001 - NUMERO DE CONTROL

  • campo de control: 31228

003 - IDENTIFICADOR DE NUMERO DE CONTROL

  • campo de control: DLC

005 - FECHA Y HORA DE LA ÜLTIMA TRANSACCIÓN

  • campo de control: 20221005140309.0

008 - DATOS DE LONGITUD FIJA

  • campo de control de longitud fija: 911003n| azannaabn |a aaa

010 ## - NÚMERO DE CONTROL DE LA BIBLIOTECA DEL CONGRESO

  • Número de control LC: n 91101329

035 ## - NUMERO DE CONTROL

  • Número de control: (OCoLC)oca03034230

040 ## - FUENTE DE CATALOGACIÓN

  • Agencia original de catalogación: DLC
  • Lenguaje de catalogación: spa
  • Description conventions: rda
  • Agencia de transcripción: DLC
  • Agencia que lo modifica: OCoLC
  • Agencia que lo modifica: UPB
  • Agencia que lo modifica: MX-MxUPN

100 1# - ENCABEZAMIENTO - NOMBRE PERSONAL

  • Nombre personal: Fierro Gossman, Julieta

372 ## - CAMPO DE ACTIVIDAD

  • Field of activity: Ciencia

373 ## - GRUPO ASOCIADO

  • Associated group: Universidad Nacional Autónoma de México
  • Fuente del término: naf

374 ## - OCUPACIÓN

  • Occupation: Profesor universitario
  • Occupation: Investigador

377 ## - LENGUA ASOCIADA

  • Language code: spa

400 1# - VEÁSE - NOMBRE DE PERSONA

  • Personal name: Fierro, Julieta

670 ## - FUENTE EN LA QUE SE LOCALIZARON DATOS

  • Cita de la fuente: Her Eclipse total de sol ... 1991:
  • Información localizada: portada (Julieta Fierro Gossman) p. 105 (Julieta Fierro, investigadora del Instituto de Astronomía de la UNAM)

670 ## - FUENTE EN LA QUE SE LOCALIZARON DATOS

  • Cita de la fuente: Extraterrestres vistos desde la ciencia, 2000:
  • Información localizada: portada (Julieta Fierro) solapa (Julieta Fierro; investigadora del Instituto de Astronomía de la UNAM y profesora en la Facultad de Ciencias; ha escrito decenas de libros sobre divulgación científica)

902 ## - CATALOGADOR

  • Catalogador: Víctor Ruiz/051022